000 00598nam a22001817a 4500
003 NUST
038 _aMr. Zahoor
082 _a670.5
100 _aShahid, Ahsan
_917449
245 _aImpact of Improved Facility Layout on Energy Consumption in Industry /
_cAhsan Shahid
260 _aIslamabad :
_bSMME - NUST,
_c2019.
300 _axiii, 46 p. : ill. ;
_c30cm.
500 _aHardcover.
650 _aDesign and Manufacturing Engineering - MS Thesis
_916133
700 _aDr. Shahid Ikram Ullah Butt
_916134
856 _uhttp://10.250.8.41:8080/xmlui/handle/123456789/29006
942 _2ddc
_cTHE
999 _c526445
_d526445